000 00725nam a22002177a 4500
999 _c17791
_d17791
003 AR-CdUCM
008 190222b ||||| |||| 00| 0 spa d
020 _a8470760327
040 _aMUNICIPALIDAD PROVINCIAL DEL CUSCO
_cBIBLIOTECA MUNICIPAL DEL CUSCO
082 _a808.8 /
_bSA18
100 _aSalgari, Emilio
_9800
245 _aLos Horrores de la Siberia /
260 _aBarcelona :
_bMolino
_c1960.
300 _a157 páginas ;
_bIlustraciones.
_c19 cm.
505 _aContenido: Los desterrados -- Los arenques -- El tormento de la sed -- El peregrino -- Un compañero de armas...
650 _aLobos
_9933
650 _aMontañas
_9629
650 _aTrineos
_9934
942 _2ddc
_cLIBROS
945 _aacv
_d2019-05-09